| 000 | 00594nam a22001337a 4500 | ||
|---|---|---|---|
| 040 | _cRUA | ||
| 082 | _aAVM SEA 2018 B658 Or.1 | ||
| 100 | _aSEAK SARIN សៀក សារិន | ||
| 245 | _athe case of asciolsis in cattle at borseth district, kampong speu province ករណីហ្វាស្យូឡាលើគោនៅស្រុកបរសេដ្ឋខេត្តកំពង់ស្ពឺ | ||
| 260 |
_arua _bphnom penh _c2018 |
||
| 300 |
_aix;40p _bill; _c29cm |
||
| 856 | _uhttps://drive.google.com/file/d/1dX5OjBvvs8OdEVl3zTD26YvJOfq9feJT/view?usp=sharing | ||
| 942 | _cAVM | ||
| 999 |
_c18923 _d18923 |
||